000
00355nam a2200169Ia 4500
100
_a
Palmer/Stephen/ Cooper/C
650
_a
Stress
942
_c
BK
366
_f
20
654
_a
stress
245
_a
How to deal with stress
260
_b
Kogan Page
_c
2007
082
_a
808.83
_b
PAL
300
_a
211
546
_a
ENGLISH
_c
Computers
999
_c
22181
_d
22181